Radical democracy in modern Indian political thought (Record no. 11542)

MARC details
000 -LEADER
fixed length control field 00724nam a22001697a 4500
020 ## - INTERNATIONAL STANDARD BOOK NUMBER
ISBN 9781009305600
082 ## - DEWEY DECIMAL CLASSIFICATION NUMBER
Classification number 320.954PAR
100 ## - MAIN ENTRY--AUTHOR NAME
Personal name Parasher, Tejas,
245 ## - TITLE STATEMENT
Title Radical democracy in modern Indian political thought
260 ## - PUBLICATION, DISTRIBUTION, ETC. (IMPRINT)
Place of publication New York
Name of publisher Cambridge University Press
Year of publication 2025
300 ## - PHYSICAL DESCRIPTION
Number of Pages 262p.
504 ## - BIBLIOGRAPHY, ETC. NOTE
Bibliography, etc Includes index
520 ## - SUMMARY, ETC.
Summary, etc Drawing on figures ranging from Gandhi to the leaders of the Indian socialist movement, Radical Democracy in Modern Indian Political Thought explores the diversity of political<br/>futures imagined at the end of the British Empire and reinterprets the history of representative democracy in South Asia"
650 ## - SUBJECT ADDED ENTRY--TOPICAL TERM
Topical Term Democracy--India
942 ## - ADDED ENTRY ELEMENTS (KOHA)
Koha item type Book
Holdings
Withdrawn status Lost status Damaged status Not for loan Permanent Location Current Location Shelving location Date acquired Cost, normal purchase price Full call number Accession Number Price effective from Koha item type
        UONGOZI Institute Resources Centre - Dar es Salaam UONGOZI Institute Resources Centre - Dar es Salaam Philosophy 06/19/2026 97532.00 320.954PAR UR010571 07/01/2026 Book
        UONGOZI Institute Resources Centre - Dar es Salaam UONGOZI Institute Resources Centre - Dar es Salaam Philosophy 06/19/2026 97532.00 320.954PAR UR010572 07/01/2026 Book